ბათუმის შოთა რუსთაველის სახელმწიფო უნივერსიტეტის ბიბლიოთეკა

ჰიდრავლიკურ გაანგარიშებათა მაგალითები : სახელმძღვ. / (ბიბ.ჩანაწერი № 38454)

000 -ლიდერი
ფიქსირებული სიგრძის საკონტროლო ველი 01143nam a2200277Ia 4500
001 - საკონტროლო ნომერი
საკონტროლო ველი 4466
003 - საკონტროლო ნომრის იდენტიფიკატორი
საკონტროლო ველი GE_BSU
005 - ბოლო ოპერაციის თარიღი და დრო
საკონტროლო ველი 20190517153641.0
008 - ფიქსირებული სიგრძის მონაცემთა ელემენტები - ზოგადი ინფორმაცია
ფიქსირებული სიგრძის საკონტროლო ველი 181216s1983|||| |||||||||||||| ||geo||
040 ## - კატალოგიზაციის წყარო
Transcribing agency GE_BSU
041 ## - ენის კოდი
Language code of text/sound track or separate title geo
080 ## - უნივერსალური ათობითი კლასიფიკაციის ინდექსი
Universal Decimal Classification number 532.625.718(072) ჰ–58
245 ## - ცნობა სათაურის შესახებ
Title ჰიდრავლიკურ გაანგარიშებათა მაგალითები : სახელმძღვ. /
Statement of responsibility, etc ა. პაპაშვილი ; ნ. კუჭაიძე ; ვ. გოთუა ; ი. ქადარია ; რედ : ე. გიორგაძე.
260 ## - გამოქვეყნების, გავრცელების, და სხვა. ცნობები
Place of publication, distribution, etc თბ.
260 ## - გამოქვეყნების, გავრცელების, და სხვა. ცნობები
Name of publisher, distributor, etc სპი.
260 ## - გამოქვეყნების, გავრცელების, და სხვა. ცნობები
Date of publication, distribution, etc 1983.
300 ## - ფიზიკური აღწერა
Extent 10 გვ .:
Dimensions 20 სმ.
653 ## - INDEX TERM--UNCONTROLLED
Uncontrolled term ჰიდრავლიკურ გაანგარიშებათა მაგალითები
653 ## - INDEX TERM--UNCONTROLLED
Uncontrolled term ფიზიკა
700 ## - ADDED ENTRY--PERSONAL NAME
Personal name პაპაშვილი,ა
9 (RLIN) 1255
700 ## - ADDED ENTRY--PERSONAL NAME
Personal name უჭაიძე,ნ
9 (RLIN) 1306
700 ## - ADDED ENTRY--PERSONAL NAME
Personal name გოთუა,ვ
9 (RLIN) 1307
700 ## - ADDED ENTRY--PERSONAL NAME
Personal name ქადარია,ი
9 (RLIN) 1308
700 ## - ADDED ENTRY--PERSONAL NAME
Personal name გიორგაძე, ე
Relator term რედაქტორი
9 (RLIN) 398
942 ## - ADDED ENTRY ELEMENTS (KOHA)
Koha item type წიგნი
Source of classification or shelving scheme
ეგზემპლარები
ჩამოწერის სტატუსი დაკარგული ეგზემპლარის სტატუსი კლასიფიკაციის წყარო ან თაროზე გაწყობის სქემა დაზიანების სტატუსი არ გაიცემა მუდმივი მდებარეობა (დაცვის ადგილი) ამჟამინდელი ადგილსამყოფელი თაროზე განთავსების ადგილი შეძენის თარიღი ღირებულება, შესყიდვის ნორმალური ფასი სრული შენახვის შიფრი შტრიხკოდი ბოლო ოპერაციის თარიღი ეგზემპლარის მიმდევრობითი ნომერი (კეტერი?) ფასის ძალაში შესვლის თარიღი ეგზემპლარის სახეობა საჯარო შენიშვნა
          ტექნოლოგიური ფაკულტეტის ბიბლიოთეკა ტექნოლოგიური ფაკულტეტის ბიბლიოთეკა წიგნსაცავი 2018-12-17 0.36 532.625.718(072) ჰ–58 8688 2018-12-17 8688 2018-12-17 წიგნი 0.36
          ტექნოლოგიური ფაკულტეტის ბიბლიოთეკა ტექნოლოგიური ფაკულტეტის ბიბლიოთეკა წიგნსაცავი 2018-12-17 0.36 532.625.718(072) ჰ–58 8689 2018-12-17 8689 2018-12-17 წიგნი 0.36
          ტექნოლოგიური ფაკულტეტის ბიბლიოთეკა ტექნოლოგიური ფაკულტეტის ბიბლიოთეკა წიგნსაცავი 2018-12-17 0.36 532.625.718(072) ჰ–58 8690 2018-12-17 8690 2018-12-17 წიგნი 0.36